00429nam a22001457a 4500003000400000008004100004020001800045082001600063100001700079245004100096250002400137260004500161300005900206650001800265OSt200320b ||||| |||| 00| 0 eng d a9788123912097 a615.321 KAT aKalia, A. N. aTextbook of Industrial Pharmacognosy a1st/e, Reprint 2020 aNew DelhibCBS Publishers & Distributors aPaperback: 285 pages, Dimensions: 24.1 x 18.4 x 2.6 cm aPharmacognosy